<?xml version="1.0" encoding="utf-8"?>
<?xml-stylesheet type='text/xsl' href='./oai2.xsl'?>
<OAI-PMH xmlns="http://www.openarchives.org/OAI/2.0/" xmlns:xsi="http://www.w3.org/2001/XMLSchema-instance" xsi:schemaLocation="http://www.openarchives.org/OAI/2.0/ http://www.openarchives.org/OAI/2.0/OAI-PMH.xsd">
  <responseDate>2026-06-04T17:03:10Z</responseDate>
  <request verb="GetRecord" metadataPrefix="marcxml" identifier="record_kuniweb_166293">https://kulturerbe.niedersachsen.de/oai</request>
  <GetRecord>
    <record>
      <header>
        <identifier>record_kuniweb_166293</identifier>
        <datestamp>2025-08-28T09:38:22Z</datestamp>
        <setSpec>slg0139</setSpec>
      </header>
      <metadata>
        <marc:record xmlns:marc="http://www.loc.gov/MARC21/slim" xsi:schemaLocation="http://www.loc.gov/MARC21/slim http://www.loc.gov/standards/marcxml/schema/MARC21slim.xsd">
          <marc:leader>12345nkm  22     uu 4500</marc:leader>
          <marc:controlfield tag="001">166293</marc:controlfield>
          <marc:controlfield tag="003">http://kuniweb.gbv.de</marc:controlfield>
          <marc:controlfield tag="005">2018-03-24T19:15:19</marc:controlfield>
          <marc:controlfield tag="008">|           ||||||||||||||||||||||</marc:controlfield>
          <marc:datafield tag="245" ind1="1" ind2="0">
            <marc:subfield code="a">Projekt - Mühlenanlage für Herrn E.G. Härtel. Mühlenbesitzer in Kahla S.A., 1909</marc:subfield>
          </marc:datafield>
          <marc:datafield tag="655" ind1=" " ind2="7">
            <marc:subfield code="a">Grafik</marc:subfield>
          </marc:datafield>
          <marc:datafield tag="046" ind1=" " ind2=" ">
            <marc:subfield code="k">1909-04-01</marc:subfield>
            <marc:subfield code="k">01.04.1909</marc:subfield>
          </marc:datafield>
          <marc:datafield tag="260" ind1=" " ind2=" ">
            <marc:subfield code="g">1909-04-01</marc:subfield>
            <marc:subfield code="g">01.04.1909</marc:subfield>
          </marc:datafield>
          <marc:datafield tag="520" ind1=" " ind2=" ">
            <marc:subfield code="a">Zeichnung - schwarz-weiß
Herstellungsort – Königshütte, Bad Lauterberg

Auftraggeber und Standort: 
Mühlenbesitzer E.G. Härtel, Kahla

Information:
1909 gehörte Kahla noch zur Sachsen-Anhalt, seit 1922 gehört der Ort zu Thüringen.

Anmerkung zur Gebietsreform Thüringens:
Vor 1920 war das Gebiet (des heutigen Thüringen) in verschiedene Kleinstaaten zersplittert. Im Jahr 1922 wurden im neu gegründeten Land Thüringen erstmals Landkreise gebildet. 1945 kamen die preußischen Gebiete im Norden des Landes zu Thüringen, bevor es 1952 aufgelöst und die drei Bezirke Erfurt, Gera und Suhl gebildet wurden. 1990 gründete man das Land Thüringen wieder, 1994 folgte eine Kreisreform, bei der die 17 Landkreise in ihrem heutigen Zuschnitt gebildet wurden.
siehe:
Geschichte der Verwaltungsgliederung Thüringens – Wikipedia
https://de.wikipedia.org/wiki/Geschichte_der_Verwaltungsgliederung_Thüringens









 (Förderkreis Königshütte Bad Lauterberg e.V.)

Maßstab: 1 zu 75</marc:subfield>
          </marc:datafield>
          <marc:datafield tag="650" ind1="1" ind2=" ">
            <marc:subfield code="a">Mühle</marc:subfield>
          </marc:datafield>
          <marc:datafield tag="650" ind1="1" ind2=" ">
            <marc:subfield code="a">Grafik, Fotografie &gt; Zeichnung</marc:subfield>
          </marc:datafield>
          <marc:datafield tag="650" ind1="1" ind2=" ">
            <marc:subfield code="a">Handwerk</marc:subfield>
          </marc:datafield>
          <marc:datafield tag="650" ind1="1" ind2=" ">
            <marc:subfield code="a">Kahla (Saale-Holzland-Kreis, Thüringen)</marc:subfield>
          </marc:datafield>
          <marc:datafield tag="773" ind1="0" ind2=" ">
            <marc:subfield code="t">Zeichnungen von Mühlenanlagen</marc:subfield>
          </marc:datafield>
          <marc:datafield tag="852" ind1=" " ind2=" ">
            <marc:subfield code="a">Industriedenkmal Königshütte Bad Lauterberg im Harz</marc:subfield>
          </marc:datafield>
          <marc:datafield tag="" ind1=" " ind2=" ">
            <marc:subfield code="a">Namensnennung - Nicht kommerziell - Keine Bearbeitungen 4.0 International (CC BY-NC-ND 4.0)</marc:subfield>
          </marc:datafield>
        </marc:record>
      </metadata>
    </record>
  </GetRecord>
</OAI-PMH>
